000 00440nmm a2200169Ia 4500
008 251105s9999||||xx |||||||||||||||||und||
020 _a9788415952022
041 _aspa
100 _aVivo, Ana R.
245 0 _aEl reino de Levana
264 _a[Madrid, España] :
_bTerciopelo,
_c2014
300 _a274 páginas
490 _aTerciopelo
650 _aRomance
856 _uhttps://public.digitaliapublishing.com/a/32514
942 _cCF
999 _c77156
_d77156